Holy Man of the Abruzzi and the Limitations of Papal Power
| Main Author: | |
|---|---|
| Format: | Electronic Review |
| Language: | English |
| Check availability: | HBZ Gateway |
| Interlibrary Loan: | Interlibrary Loan for the Fachinformationsdienste (Specialized Information Services in Germany) |
| Published: |
2005
|
| In: |
The catholic historical review
Year: 2005, Volume: 91, Issue: 4, Pages: 761-768 |
| Further subjects: | B
Book review
|
| Online Access: |
Volltext (JSTOR) Volltext (lizenzpflichtig) Volltext (lizenzpflichtig) |
MARC
| LEADER | 00000caa a22000002c 4500 | ||
|---|---|---|---|
| 001 | 1788093895 | ||
| 003 | DE-627 | ||
| 005 | 20250324053457.0 | ||
| 007 | cr uuu---uuuuu | ||
| 008 | 220202s2005 xx |||||oo 00| ||eng c | ||
| 024 | 7 | |a 10.1353/cat.2006.0067 |2 doi | |
| 035 | |a (DE-627)1788093895 | ||
| 035 | |a (DE-599)KXP1788093895 | ||
| 040 | |a DE-627 |b ger |c DE-627 |e rda | ||
| 041 | |a eng | ||
| 084 | |a 1 |2 ssgn | ||
| 100 | 1 | |8 1\p |e VerfasserIn |0 (DE-588)1147194602 |0 (DE-627)1008551457 |0 (DE-576)421129360 |4 aut |a Eastman, John R. |d 1945- | |
| 109 | |a Eastman, John R. 1945- |a Eastman, John 1945- | ||
| 245 | 1 | 0 | |a Holy Man of the Abruzzi and the Limitations of Papal Power |
| 264 | 1 | |c 2005 | |
| 336 | |a Text |b txt |2 rdacontent | ||
| 337 | |a Computermedien |b c |2 rdamedia | ||
| 338 | |a Online-Ressource |b cr |2 rdacarrier | ||
| 655 | 7 | |a Rezension |0 (DE-588)4049712-4 |0 (DE-627)106186019 |0 (DE-576)209083166 |2 gnd-content | |
| 773 | 0 | 8 | |i Enthalten in |t The catholic historical review |d Washington, DC : The Catholic Univ. of America Pr., 1915 |g 91(2005), 4, Seite 761-768 |h Online-Ressource |w (DE-627)327646616 |w (DE-600)2043988-X |w (DE-576)266819001 |x 1534-0708 |7 nnas |
| 773 | 1 | 8 | |g volume:91 |g year:2005 |g number:4 |g pages:761-768 |
| 856 | |3 Volltext |u http://www.jstor.org/stable/25026935 |x JSTOR | ||
| 856 | 4 | 0 | |u https://doi.org/10.1353/cat.2006.0067 |x Resolving-System |z lizenzpflichtig |3 Volltext |7 1 |
| 856 | 4 | 0 | |u https://muse.jhu.edu/article/191841 |x Verlag |z lizenzpflichtig |3 Volltext |7 1 |
| 883 | |8 1\p |a cgwrk |d 20250301 |q DE-101 |u https://d-nb.info/provenance/plan#cgwrk | ||
| 935 | |a mteo | ||
| 951 | |a AR | ||
| ELC | |a 1 | ||
| ITA | |a 1 |t 1 | ||
| LOK | |0 000 xxxxxcx a22 zn 4500 | ||
| LOK | |0 001 4049576058 | ||
| LOK | |0 003 DE-627 | ||
| LOK | |0 004 1788093895 | ||
| LOK | |0 005 20220202052718 | ||
| LOK | |0 008 220202||||||||||||||||ger||||||| | ||
| LOK | |0 035 |a (DE-Tue135)IxTheo#2022-01-09#6ABD1134364EA15EDC33060174F740542EC0598B | ||
| LOK | |0 040 |a DE-Tue135 |c DE-627 |d DE-Tue135 | ||
| LOK | |0 092 |o n | ||
| LOK | |0 852 |a DE-Tue135 | ||
| LOK | |0 852 1 |9 00 | ||
| LOK | |0 866 |x JSTOR#http://www.jstor.org/stable/25026935 | ||
| LOK | |0 935 |a ixzs |a ixrk |a zota | ||
| LOK | |0 939 |a 02-02-22 |b l01 | ||
| ORI | |a SA-MARC-ixtheoa001.raw | ||